Klíč k určování stromů a keřů / Jan Martinovský ; [ilustroval] Miloš Pozděna
Record details
- Physical Description: 207 s. : il. (převážně barev.) ; 16 cm
- Edition: 2. vyd.
- Publisher: Praha : Státní pedagogické nakladatelství, 1987
Content descriptions
| General Note: | 49500 výt. |
| Bibliography, etc. Note: | Obsahuje bibliografii a rejstříky |
Search for related items by subject
| Genre: | klíče |
Search for related items by series
Available copies
- 1 of 1 copy available at Common Catalog SPOK.
Holds
- 0 current holds with 1 total copy.
Show Only Available Copies
| Location | Call Number / Copy Notes | Barcode | Shelving Location | Status | Due Date |
|---|---|---|---|---|---|
| KDS Library | 5 MaJ | 204576803041 | Library | Available | - |
| LDR | 01129nam a2200337 a 4500 | ||
|---|---|---|---|
| 001 | 22413 | ||
| 003 | CZ-PrJAB | ||
| 005 | 20150722084315.0 | ||
| 007 | ta | ||
| 008 | 880322s1987 xr a 001 | cze | ||
| 015 | . | ‡acnb000035620 | |
| 020 | . | ‡q(Váz.) : ‡cKčs 16,50 | |
| 035 | . | ‡a(CZ PrNK)ck8800775 | |
| 035 | . | ‡a(OCoLC)39420780 | |
| 040 | . | ‡aABA001477251 ‡bcze ‡dABA001 | |
| 080 | . | ‡a635.054 ‡2undef | |
| 080 | . | ‡a582.4/.9 ‡2undef | |
| 100 | 1 | . | ‡aMartinovský, Jan ‡7xx0020000 ‡4aut |
| 245 | 1 | 0. | ‡aKlíč k určování stromů a keřů / ‡cJan Martinovský ; [ilustroval] Miloš Pozděna |
| 250 | . | ‡a2. vyd. | |
| 260 | . | ‡aPraha : ‡bStátní pedagogické nakladatelství, ‡c1987 ‡e(Liberec : ‡fSG 01) | |
| 300 | . | ‡a207 s. : ‡bil. (převážně barev.) ; ‡c16 cm | |
| 490 | 1 | . | ‡aPomocné knihy pro žáky |
| 500 | . | ‡a49500 výt. | |
| 504 | . | ‡aObsahuje bibliografii a rejstříky | |
| 655 | 7. | ‡aklíče ‡7fd132547 ‡2czenas | |
| 700 | 1 | . | ‡aPozděna, Miloš ‡7xx0124392 ‡4ill |
| 830 | 0. | ‡aPomocné knihy pro žáky (Státní pedagogické nakladatelství) | |
| 910 | . | ‡aABE463 | |
| 928 | 9 | . | ‡aSPN |
| 964 | . | ‡astromy - keře - určování - klíče botanické | |
| 998 | . | ‡a000035620 | |
| 901 | . | ‡a22413 ‡b ‡c22413 ‡tbiblio | |